| 000 | 00927nam a22002651u 4500 | ||
|---|---|---|---|
| 001 | 06316 | ||
| 003 | HDC | ||
| 007 | cr cn ---aaaaa | ||
| 008 | 210123p9999 ||||| |||| 00| 0 eng | ||
| 040 | _aHDC | ||
| 245 | 0 | _aGuidelines for Halal Assurance Management System of Malaysia Halal Certification | |
| 260 |
_a[No place] : _b[publisher not identified] , _c[no year] |
||
| 300 | _a12 pages | ||
| 336 |
_atext _2rdacontent |
||
| 337 |
_acomputer _2rdamedia |
||
| 338 |
_aonline resource _2rdacarrier |
||
| 500 | _aIncludes bibliographical references | ||
| 650 |
_aHalal assurance _92261 |
||
| 650 |
_aHalal Certification _9753 |
||
| 710 | _aDepartment of Islamic Development Malaysia | ||
| 856 | _zRequest full-text at [email protected] | ||
| 942 | _2lcc | ||
| 942 | _cEIS | ||
| 942 | _kREPT 000282 | ||
| 999 |
_c3640 _d3640 |
||